02042cam a22001818i 4500020001800000041000900018082001900027245012100046260004100167300001700208504005100225520144000276546001301716650004301729650003901772650002101811700002801832 a9781032018911 aeng-00a378.1982bCOL-00aColonization and epistemic injustice in higher education :bprecursors to decolonization /cedited by Felix Maringe. aAbingdon, Oxon :bRoutledge, c2023. aviii, 173p.  aIncludes bibliographical references and index. a"Providing coherence in understanding the role that education and higher education played in the colonizing purposes of the rich nations of the North, this book draws from multiple geo-political spaces across the world to consider how epistemic injustice has characterized colonial higher education systems. Within this text, carefully chosen international contributors explore how colonialism, coloniality, and colonization have impacted indigenous people's ways of knowing, feeling, behaving, valuing, being, and becoming in fundamental ways and how the West's idea of education and schooling have been used as key instruments in the project of world domination and subjugation. Beyond these key entry concepts, chapters use ideas of modernity, post modernism, globalization, internationalization, and neo-liberalism to examine how higher education in colonial and post-colonial societies still answers to a colonial narrative and what can be done to decolonize the system. Unpacking the historical and philosophical antecedents of higher education and critically examining the intentions and impact of colonial assumptions behind higher education in different parts of the world, this is suitable reading for postgraduates and scholars in the field of higher education, as well as senior management teams in universities and practitioners who work directly in the field of transformation in government, and university departments"-- aEnglish. 0aIndigenous peoplesxEducation (Higher) 0aEducation, HigherxSocial aspects. 0aPostcolonialism.1 aMaringe, Felixeeditor.